Toucans (Record no. 116438)

MARC details
000 -LÍDER
campo de controle de tamanho fixo 00743 a2200313 4500
001 - NÚMERO DE CONTROLE
campo de controle 116438
020 ## - ISBN - INTERNATIONAL STANDARD BOOK NUMBER
ISBN - International Standard Book Number 9781482417647
020 ## - ISBN - INTERNATIONAL STANDARD BOOK NUMBER
Informação qualificadora (library binding)
020 ## - ISBN - INTERNATIONAL STANDARD BOOK NUMBER
ISBN - International Standard Book Number 1482417642
020 ## - ISBN - INTERNATIONAL STANDARD BOOK NUMBER
Informação qualificadora (library binding)
020 ## - ISBN - INTERNATIONAL STANDARD BOOK NUMBER
Informação qualificadora (pbk.)
020 ## - ISBN - INTERNATIONAL STANDARD BOOK NUMBER
Informação qualificadora (6-pack)
041 ## - CÓDIGO DE IDIOMA
Código do idioma do texto/trilha sonora ou título diferente eng
050 ## - NÚMERO DE CONTROLE DA LIBRARY OF CONGRESS
Número de Classificação 598
082 ## - CDD - CLASSIFICAÇÃO DECIMAL DE DEWEY
Número de Classificação 598
040 ## - FONTE DA CATALOGAÇÃO
Instituição da catalogação original SINLB
Idioma da catalogação eng
Instituição que transcreveu o registro SINLB
Instituição que modificou o registro BR-BrIDEA
Fontes convencionais de descrições de dados rda
090 ## - NÚMERO DE CHAMADA LOCAL
Número de chamada (OCLC) (R); Número de chamada, CALL (RLIN) (NR) P Nursery 598
Número Cutter local (OCLC); Número de classificação do livro, CALL (RLIN) RYN
100 ## - ENTRADA PRINCIPAL--NOME PESSOAL
Nome pessoal Ryndak, Rob
Função do autor por extenso author
260 ## - PUBLICAÇÃO, DISTRIBUIÇÃO, ETC.
Data da publicação, distribuição, etc. 2015
245 10 - TÍTULO
Título Toucans
Indicação de responsabilidade, etc. by Rob Ryndak
300 ## - DESCRIÇÃO FÍSICA
Extensão 24 pages
Outros detalhes físicos ill., color
Dimensões 19 x 20 cm
338 ## - TIPO DE TRANSPORTADORA
Termo do tipo de operadora volume
Código do tipo de operadora volume
490 ## - TÍTULO DA SÉRIE
Título da série Jungle animals
521 ## - NOTA DO PÚBLICO ALVO
Nota de público alvo Early reader
697 ## - ENTRADA DE ASSUNTO LOCAL--ENTIDADE COLETIVA (RLIN)
Nome corporativo ou nome da jurisdição Toucans
830 ## - ENTRADA SECUNDÁRIA DE SÉRIE--TÍTULO UNIFORME
Título uniforme Jungle Animals
856 ## - LOCALIZAÇÃO ELETRÔNICA E ACESSO
Uniform Resource Identifier <a href="000003/000003ee.jpg">000003/000003ee.jpg</a>
942 ## - ELEMENTOS DE ENTRADA ADICIONADOS (KOHA)
Tipo de material Koha Livros
Holdings
Situação do descarte Situação das perdas Fonte da classificação ou esquema de arquivamento na estante Situação física Não pode ser emprestado Biblioteca de origem Biblioteca atual Data de aquisição Total de empréstimos Número de chamada completo Código de barras Data de último acesso Data do preço efetivo Tipo de material Koha
    Classificação Decimal de Dewey     ECB - SUDOESTE ECB - SUDOESTE 13/02/2020   P Nursery 598 RYN 00048630SSW 23/01/2024 23/01/2024 Livros
    Classificação Decimal de Dewey     ECB - SUDOESTE ECB - SUDOESTE 13/02/2020   P Nursery 598 RYN 00048631SSW 23/01/2024 23/01/2024 Livros
    Classificação Decimal de Dewey     ECB - SUDOESTE ECB - SUDOESTE 13/02/2020   P Nursery 598 RYN 00048632SSW 23/01/2024 23/01/2024 Livros
    Classificação Decimal de Dewey     ECB - ÁGUAS CLARAS ECB - ÁGUAS CLARAS 13/02/2020   AP Nursery 598 RYN 00048721AGC 23/01/2024 23/01/2024 Livros
    Classificação Decimal de Dewey     ECB - ÁGUAS CLARAS ECB - ÁGUAS CLARAS 13/02/2020   AP Nursery 598 RYN 00048722AGC 23/01/2024 23/01/2024 Livros